The shoemaker and the elves /
Uložené v:
| Hlavný autor: | |
|---|---|
| Ďalší autori: | |
| Médium: | Kniha |
| Jazyk: | English |
| Vydané: |
Oxford ; New York :
Oxford University Press,
c2000.
|
| Vydanie: | 1st ed. |
| Edícia: | Classic tales beginner
1 |
| Témy: | |
| ISBN: |
9780194220736 (brož.) 0194220737 (brož.) |
| Fyzický popis: |
23 s. : il. ; 24 cm MGK 1412 |
| Tagy: |
Pridať tag
Žiadne tagy, Buďte prvý kto otaguje tento záznam!
|
Titul je dostupný aj v ... 

MARC
| LEADER | 00000nam a2200000 a 4500 | ||
|---|---|---|---|
| 001 | 000298421 | ||
| 005 | 20071030084656.0 | ||
| 008 | 030306s2000 xxka j 000 j eng d | ||
| 020 | |a 9780194220736 (brož.) | ||
| 020 | |a 0194220737 (brož.) | ||
| 041 | 0 | |a eng | |
| 044 | |a xxk |c GB | ||
| 072 | 7 | |a 821.111-3 |x Anglická próza, anglicky písaná |2 konspekt | |
| 072 | 7 | |a 811.111 |x Angličtina |2 konspekt | |
| 080 | |a 811.111 |2 2001 | ||
| 080 | |a 821.111-34 |2 2001 | ||
| 100 | 1 | |a Arengo, Sue | |
| 245 | 1 | 4 | |a The shoemaker and the elves / |c retold by Sue Arengo ; illustrated by Adam Stower. |
| 250 | |a 1st ed. | ||
| 260 | |a Oxford ; |a New York : |b Oxford University Press, |c c2000. | ||
| 300 | |a 23 s. : |b il. ; |c 24 cm |e MGK 1412 | ||
| 490 | 1 | |a Classic tales beginner |v 1 | |
| 500 | |a Slovník | ||
| 650 | 0 | 7 | |a angličtina |2 SVKKKPH |
| 655 | 7 | |a anglické rozprávky |2 SVKKKPH | |
| 700 | 1 | |a Stower, Adam |4 ill | |
| 830 | 0 | |a Classic tales beginner |v 1 | |
| 910 | |a svkkk | ||
| 919 | |a 978-0-19-422073-6 | ||
| 919 | |a 0-19-422073-7 | ||
| 998 | |a BK | ||
| 090 | |g SCKUS |k Americké centrum |a IV.200309 |j 991857 |i 2720076841 |s Voľný výber | ||